• 首页
  • 本馆介绍
  • 公告通知
  • 最新文献
  • 馆藏检索
  • 电子资源
  • 读者导购
  • 参考咨询
  • 我的图书馆
  • 登录
  • 详细信息显示
  • 放入我的书架
  • 预约/预借图书
  • 作者相关作品
  • 分类相关作品
  • 丛书相关作品
  • 出版社相关作品

书目信息

  • 表格格式
  • 工作单格式
  • 卡片格式
题名:
变频器应用与维修实战精讲
    
 
作者: 宋宁 主编
分册:  
出版信息: 北京   中国电力出版社  2017
页数: 567页
开本: 26cm
丛书名:
单 册:
中图分类: TN773
科图分类:
主题词: 变频器--bian pin qi--应用 , 变频器--bian pin qi--维修
电子资源:
ISBN: 978-7-5198-0599-9
000 00836nam0 2200253 450
001 012001002797
005 20140101162037.0
010    @a978-7-5198-0599-9@dCNY108.00
099    @aCAL 012017148479
100    @a20171024d2017 em y0chiy50 ea
101 0  @achi
102    @aCN@b110000
105    @aa z 000yy
106    @ar
200 1  @a变频器应用与维修实战精讲@Abian pin qi ying yong yu wei xiu shi zhan jing jiang@f主编宋宁
210    @a北京@c中国电力出版社@d2017
215    @a567页@c图@d26cm
330    @a本书从工程实践角度出发,从基础知识、应用实战、维修原理、维修实战几部分全面地讲解了变频器的应用与维修知识。
606 0  @a变频器@Abian pin qi@x应用
606 0  @a变频器@Abian pin qi@x维修
690    @aTN773@v5
701  0 @a宋宁@Asong ning@4主编
801  0 @aCN@b北京卓展@c20191020
905    @b1204424-6@dTN773@e115@f3
    
    变频器应用与维修实战精讲/主编宋宁.-北京:中国电力出版社,2017
    567页:图;26cm
    
    
    ISBN 978-7-5198-0599-9:CNY108.00
    本书从工程实践角度出发,从基础知识、应用实战、维修原理、维修实战几部分全面地讲解了变频器的应用与维修知识。
●
相关链接 在E读中查询图书 在五车中查询图书 在当当中查询图书 在豆瓣中查询图书


正题名:变频器应用与维修实战精讲     索取号:TN773/115         预约/预借

序号 登录号 条形码 馆藏地/架位号 状态 备注
1 1204424   212044241   第二样本阅览室/ [索取号:TN773/115] 在馆    
2 1204425   212044250   第三借阅区/ [索取号:TN773/115] 在馆    
3 1204426   212044269   第三借阅区/ [索取号:TN773/115] 在馆    
唐山师范学院图书馆 欢迎您!
大连网信软件有限公司© 版权所有